Представление документа в формате RUSMARC

ПолеНазваниеЗначение
  Тип записи a
  Библиографический уровень m
001 Контрольный номер RU/УОНБ/EK_N/598718197
005 Дата корректировки 20240130235127.1
010 Индекс ISBN __
9 Тираж 1000 экз.
013 Номер (ISMN) __
a Номер (ISMN) 5-901980-21-2
d Цена 242 р.
071 Издательские номер (звукозапись и ноты) 21
a Номер, присвоенный агентством 027
100 Данные общей обработки __
a Данные общей обработки 20181219d2006 u y0rusy0189||||ca
101 Язык документа 0_
a Язык текста rus
f Язык титульного листа rus
102 Страна публикации __
a Страна публикации RU
105 Кодированные данные (монография) __
a Кодированные данные (монография) y###||||000|y
125 Кодированные данные звукозаписи и нотных изданий __
a Форма изложения нотного текста m|
128 Кодированные данные (звукозаписи-физические характеристики) __
a Кодированные данные: Музыкальная форма и тональность или лад zz
b Инструменты или голоса, необходимые для ансамблей (устаревшее) wa||
c Инструменты или голоса, рекомендуемые для солистов (устаревшее) wa||
200 Заглавие и сведения об ответственности 1_
a Заглавие Тетр. 1
e Сведения, относящиеся к заглавию [для мл. и сред. классов ДМШ]
210 Выходные данные __
d Дата издания 2006
215 Физическое описание __
a Объем 96 с., 1 парт. (40 с.)
327 Примечание о содержании 11
a Примечание о содержании Содерж. : Кабалевский Д. Серенада красавицы. - Александров Ан. Чешская мелодия. - Хренников Т. Песенка Лепелетье ; Серенада. - Афанасьев Л. Гляжу в озера синие. - Слонимский С. Вальс. - Чайковский Б. Песенка кота. - Казенин В. Танец старинных кукол. - Блок В. Московская полька. - Глинка М. Ах ты, ночь ли, ноченька! . - Мусоргский М. Вечерняя песенка. - Барток Б. Песня странника. - Вышло солнце за оконце : рус. нар. песня / обраб. Н. Горлова. - Мухамбази : груз. нар. песня / обраб. Ю. Гурьева. - Мой цветок : киргиз. нар. песня / обраб. Ю. Гурьева. - Удмуртская хороводная / обраб. В. Блока. - Корелли А. Сарабанда. - Гайдн Й. Менуэт. - Глюк К. Танец. - Бетховен Л. ван. Вальс. - Бах И. С. Гавот ; Два менуэта. - Моцарт В. Паспье. - Цыбин В. Улыбка весны. - Букур Е. Вальс ; Колыбельная. - Бендицкий А. Танец. - Шостакович Д. Вроде марша. - Струков В. Колыбельная. - Лойе Ж. Соната h-moll : op. 3 № 10. - Амиров Ф. Танец. - Чиняков А. Вариации на тему украинской народной песни "Как под вишнею". - Давидов Ш. Пьеса. - Эрас Х. Простая соната : ч. 1. - Лойе Ж. Соната : части 3, 4 : op. 4 № 2. - Голиков В. Лирическая пьеса. - Седельников Г. Токката ; Ариозо. - Глинка М. Кадриль. - Цыбин В. Старинный немецкий танец. - АНСАМБЛИ : Бах И. С. Аллегретто : для двух флейт без сопровожд. - Лайёш П. Анданте ; Аллегро модерато : для двух флейт без сопровожд. - Эржбет С. Жига : для двух флейт без сопровожд. - Перселл Г. Ария : для двух флейт без сопровожд. - Ребиков В. Люблю грозу : для трех флейт без сопровожд.
461 Уровень набора _0
1 001RU/УОНБ/EK_N/598717807
1 200
a Альбом флейтиста
b Ноты
e перелож. лучших образцов классич. музыки и ориг. пьесы
e [учеб. пособие : в 2 тетр.]
f сост. А. Корнеев
v Тетр. 1
1 210
a М.
c Кифара
d 2006 -
464 Аналитический уровень _0
1 2001
a Серенада красавицы
1 700 1
a Кабалевский
b Д.
464 Аналитический уровень _0
1 2001
a Чешская мелодия
1 700 1
a Александров
b Ан.
464 Аналитический уровень _0
1 2001
a Песенка Лепелетье
1 700 1
a Хренников
b Т.
464 Аналитический уровень _0
1 2001
a Гляжу в озера синие
1 700 1
a Афанасьев
b Л.
464 Аналитический уровень _0
1 2001
a Вальс
1 700 1
a Слонимский
b С.
464 Аналитический уровень _0
1 2001
a Песенка кота
1 700 1
a Чайковский
b Б.
464 Аналитический уровень _0
1 2001
a Танец старинных кукол
1 700 1
a Казенин
b В.
464 Аналитический уровень _0
1 2001
a Московская полька
1 700 1
a Блок
b В.
464 Аналитический уровень _0
1 2001
a Ах ты, ночь ли, ноченька!
1 700 1
a Глинка
b М.
464 Аналитический уровень _0
1 2001
a Вечерняя песенка
1 700 1
a Мусоргский
b М.
464 Аналитический уровень _0
1 2001
a Песня странника
1 700 1
a Барток
b Б.
464 Аналитический уровень _0
1 2001
a Вышло солнце за оконце
e рус. нар. песня
1 700 1
a Горлов
b Н.
4 030
464 Аналитический уровень _0
1 2001
a Мухамбази
e груз. нар. песня
1 702 1
a Гурьев
b Ю.
4 520
464 Аналитический уровень _0
1 2001
a Мой цветок
e киргиз. нар. песня
1 7021
a Гурьев
b Ю.
4 030
464 Аналитический уровень _0
1 2001
a Удмуртская хороводная
1 702 1
a Блок
b В.
4 030
464 Аналитический уровень _0
1 2001
a Сарабанда
1 700 1
a Корелли
b А.
464 Аналитический уровень _0
1 2001
a Менуэт
1 700 1
a Гайдн
b Й.
464 Аналитический уровень _0
1 2001
a Танец
1 700 1
a Глюк
b К.
464 Аналитический уровень _0
1 2001
a Вальс
1 700 1
a Бетховен
b Л. ван
464 Аналитический уровень _0
1 2001
a Гавот
1 700 1
a Бах
b И. С.
464 Аналитический уровень _0
1 2001
a Паспье
1 700 1
a Моцарт
b В.
464 Аналитический уровень _0
1 2001
a Улыбка весны
1 700 1
a Цыбин
b В.
464 Аналитический уровень _0
1 2001
a Вальс
1 700 1
a Букур
b Е.
464 Аналитический уровень _0
1 2001
a Танец
1 700 1
a Бендицкий
b А.
464 Аналитический уровень _0
1 2001
a Вроде марша
1 700 1
a Шостакович
b Д.
464 Аналитический уровень _0
1 2001
a Колыбельная
1 700 1
a Струков
b В.
464 Аналитический уровень _0
1 2001
a Соната h-moll
e op. 3 № 10
1 700 1
a Лойе
b Ж.
464 Аналитический уровень _0
1 2001
a Танец
1 700 1
a Амиров
b Ф.
464 Аналитический уровень _0
1 2001
a Вариации на тему украинской народной песни "Как под вишнею"
1 700 1
a Чиняков
b А.
1 700 1
a Как под вишнею
464 Аналитический уровень _0
1 2001
a Пьеса
1 700 1
a Давидов
b Ш.
464 Аналитический уровень _0
1 2001
a Простая соната
e ч. 1
1 700 1
a Эрас
b Х.
464 Аналитический уровень _0
1 2001
a Соната
e части 3, 4
e op. 4 № 2
1 700 1
a Лойе
b Ж.
464 Аналитический уровень _0
1 2001
a Лирическая пьеса
1 700 1
a Голиков
b В.
464 Аналитический уровень _0
1 2001
a Токката
1 700 1
a Седельников
b Г.
464 Аналитический уровень _0
1 2001
a Кадриль
1 700 1
a Глинка
b М.
464 Аналитический уровень _0
1 2001
a Старинный немецкий танец
1 700 1
a Цыбин
b В.
464 Аналитический уровень _0
1 2001
a Аллегретто
e для двух флейт без сопровождения
1 700 1
a Бах
b И. С.
464 Аналитический уровень _0
1 2001
a Анданте ; Аллегро модерато
e для двух флейт без сопровожд.
1 700 1
a Лайёш
b П.
464 Аналитический уровень _0
1 2001
a Жига
e для двух флейт без сопровожд.
1 700 1
a Эржбет
b С.
464 Аналитический уровень _0
1 2001
a Ария
e для двух флейт без сопровожд.
1 700 1
a Перселл
b Г.
464 Аналитический уровень _0
1 2001
a Люблю грозу
e для трех флейт без сопровожд.
1 700 1
a Ребиков
b В.
464 Аналитический уровень _0
1 2001
a Серенада
1 700 1
a Хренников
b Т.
464 Аналитический уровень _0
1 2001
a Менуэт
1 700 1
a Бах
b И. С.
464 Аналитический уровень _0
1 2001
a Колыбельная
1 700 1
a Букур
b Е.
464 Аналитический уровень _0
1 2001
a Ариозо
1 700 1
a Седельников
b Г.
512 Заглавие обложки 1_
a Заглавие обложки Альбом флейтиста
606 Тематические рубрики 0_
a Основная рубрика Флейтовая музыка
x Основная подрубрика Педагогический репертуар ДМШ
610 Ключевые слова 0_
a Ключевые слова флейта
610 Ключевые слова 0_
a Ключевые слова педагогический репертуар ДМШ
686 Индексы других классификаций __
a Классификационный индекс 85.957.22я43
2 Код системы rubbk
801 Источник записи _0
a Страна RU
b Организация Ульяновская ОНБ
c Дата составления 20181221
g Правила каталогизации RCR
801 Источник записи _1
a Страна RU
b Организация Ульяновская ОНБ
c Дата составления 20181221
g Правила каталогизации RCR
901 Тип документа __
t Тип документа n
w Контрольный № источника RU/УОНБ/EK_N/598717807
909 Создатель записи __
a Создатель записи Никитина Т. А.
938 Служебная информация __
a Имя БД noti
b Имя библиотеки УОНБ
c Имя АИБС МАРК-SQL
d Номер DOC_ID в БД 19736